Normal view
MARC view
- Namitha P. K
Entry Personal Name
001 - CONTROL NUMBER
- control field: 2805
003 - CONTROL NUMBER IDENTIFIER
- control field: OSt
005 - DATE AND TIME OF LATEST TRANSACTION
- control field: 20180215121136.0
008 - FIXED-LENGTH DATA ELEMENTS
- fixed length control field: 180215|| aca||aabn | a|a d
040 ## - CATALOGING SOURCE
- Original cataloging agency: OSt
- Transcribing agency: OSt
100 ## - HEADING--PERSONAL NAME
- Personal name: Namitha P. K
670 ## - SOURCE DATA FOUND
- Source citation: Work cat.: (OSt)15222: DANIMON K 2795, Evaluation of tractor operated puddlers
